Crítica al margen

Guardado en:
書目詳細資料
主要作者: Encina, Juan de
格式: 圖書
語言:Undetermined
出版: Madrid, España Calpe 1924
主題:
標簽: 添加標簽
沒有標簽, 成為第一個標記此記錄!

MARC

LEADER 00000nam a2200000Ia 4500
008 170316s9999 xx 000 0 und d
040 |a cru BVZT 
090 |a 862 E-3c 
100 |a Encina, Juan de 
245 |a Crítica al margen 
260 |a Madrid, España 
260 |b Calpe 
260 |c 1924 
300 |a 214 páginas 
650 |a LITERATURA ESPAÑOLA 
999 |c 9824  |d 9824 
942 |c 15 D  |h 862 E-3c  |2 z